000 00765cab a2200241 4500
001 WB3503-45
008 090401t1999 xxu||||| |||| 00| 0 eng d
035 _a(Sirsi) u90835
041 _aeng
245 _aRural funding warning
260 _c1999
350 _a0
490 _aFinancial Times
_v20 January 1999, 11
490 _aIndependent
_v20 January 1999, 11(1)
520 _aThe Commons agriculture committee has warned that attempts to encourage struggling farmers to diversify into other activities could fail because of a shortage of EU funds.
650 _aCOMMON AGRICULTURAL POLICY
650 _aEU FUNDING
650 _aFARM DIVERSIFICATION
650 _aFARM SUBSIDIES
690 _aRURAL PRACTICE
942 _n0
948 _c20/01/1999
999 _c57619
_d57619